Law and Generative Artificial Intelligence/ (Record no. 204832)

MARC details
000 -LEADER
fixed length control field 00621nam a22001937a 4500
005 - DATE AND TIME OF LATEST TRANSACTION
control field 20240805145022.0
010 ## - LCCN (DPL NO)
LC control number ENG-141197
020 ## - INTERNATIONAL STANDARD BOOK NUMBER
Terms of availability 349.00
International Standard Book Number 9788196503338
035 ## - SYSTEM CONTROL NUMBER
System control number EN-124729
037 ## - SOURCE OF ACQUISITION
Source of stock number/acquisition DBAD
082 ## - DEWEY DECIMAL CLASSIFICATION NUMBER
Classification number 001.64
Edition number 1
100 ## - MAIN ENTRY--PERSONAL NAME
Personal name Duggal, Pavan
245 00 - TITLE STATEMENT
Title Law and Generative Artificial Intelligence/
Statement of responsibility, etc By Pavan Duggal
250 ## - EDITION STATEMENT
Edition statement 1
260 ## - PUBLICATION, DISTRIBUTION, ETC. (IMPRINT)
Place of publication, distribution, etc Mumbai
Name of publisher, distributor, etc Kabdwal Book International
270 ## - ADDRESS
Address Plot No. 179, D/42, Raigad CHS, Sector 1, Charkop, Kandivali(W)
City Mumbai
Postal code 400067
Electronic mail address order@kabdwalbook.com
300 ## - PHYSICAL DESCRIPTION
Extent 114p.
Dimensions 22cm(pbk)
942 ## - ADDED ENTRY ELEMENTS (KOHA)
Source of classification or shelving scheme Dewey Decimal Classification
Item type English Books
Call number suffix DUG
Classification part 001.64
Edition 1
Holdings
Withdrawn status Lost status Not for loan Collection code Home library Current library Date acquired Source of acquisition Cost, normal purchase price Full call number Barcode Copy number Cost, replacement price Koha item type
      Non-fiction Patel Nagar Patel Nagar 05/08/2024 Delivery of Books Act Division 349.00 DUG 001.64 EN-124729 1 349.00 English Books

© Delhi Public Library
Hit Counter
free hit counter